000
00308 a2200109 4500
001
ART_50039
005
20260410161730.0
008
260409a
245
1
0
_a
Uso justo en la era digital
100
1
_a
Correa, Carlos María
773
0
_t
Lecciones y ensayos
_g
- Nº 79 (ene. 2004)
_w
REV2658
999
_c
17758
_d
17758